[Event "Hamar CC-ch"]
[Site "Hamar"]
[Date "2020.01.16"]
[Round "2"]
[White "Brobakken, Geir"]
[Black "Kristiansen, Ole Jakob"]
[Result "1-0"]
[WhiteElo "1739"]
[BlackElo "1895"]
[PlyCount "71"]
[EventDate "2020.01.02"]
[EventType "swiss"]
[EventRounds "5"]
[EventCountry "NOR"]
[SourceTitle "EXT 2024"]
[Source "ChessBase"]
[SourceDate "2023.10.10"]
[SourceVersion "1"]
[SourceVersionDate "2023.10.10"]
[SourceQuality "1"]

1. e4 c5 2. b3 Nc6 3. Bb2 e6 4. Nf3 Nf6 5. e5 Nd5 6. c4 Nf4 7. g3 Ng6 8. Bg2 Qc7 9. Qe2 Be7 10. 0-0 b6 11. h4 Bb7 12. Na3 a6 13. Nc2 f5 14. h5 Nf8 15. a3 g5 16. d4 g4 17. d5 gxf3 18. Bxf3 Rg8 19. Rad1 Bg5 20. dxc6 Bxc6 21. Rd6 Bb7 22. Rfd1 Be7 23. R6d3 0-0-0 24. Bc1 Bxf3 25. Qxf3 Qxe5 26. Qa8+ Qb8 27. Qxa6+ Qb7 28. Qxb7+ Kxb7 29. Bf4 Bf6 30. Bd6 Kc8 31. Ne3 h6 32. b4 cxb4 33. axb4 Nh7 34. c5 bxc5 35. bxc5 f4 36. Rb3 1-0

[Event "Hamar Ridabu School A"]
[Site "Hamar"]
[Date "2019.09.19"]
[Round "2"]
[White "Soberg, Trond"]
[Black "Brobakken, Geir"]
[Result "0-1"]
[WhiteElo "1269"]
[BlackElo "1736"]
[PlyCount "58"]
[EventDate "2019.09.05"]
[EventType "swiss"]
[EventRounds "7"]
[EventCountry "NOR"]
[SourceTitle "EXT 2024"]
[Source "ChessBase"]
[SourceDate "2023.10.10"]
[SourceVersion "1"]
[SourceVersionDate "2023.10.10"]
[SourceQuality "1"]

1. e4 c6 2. Nf3 d5 3. exd5 cxd5 4. Bb5+ Bd7 5. Bxd7+ Nxd7 6. 0-0 e6 7. d4 Ngf6 8. Bg5 Be7 9. c3 0-0 10. Nbd2 Rc8 11. Re1 Re8 12. Nf1 b5 13. Qd2 Nb6 14. Ne5 Nc4 15. Nxc4 bxc4 16. Ng3 Rb8 17. f3 a5 18. Bxf6 Bxf6 19. Re2 g6 20. Nf1 Qb6 21. Kh1 a4 22. a3 Rb7 23. Qc2 Qc6 24. Ne3 Reb8 25. Rb1 Rb3 26. f4 Bg7 27. Nf1 Qb7 28. Qc1 Rxa3 29. bxa3 Qxb1 0-1

[Event "Hedmark & Oppland Region-ch"]
[Site "Lillehammer"]
[Date "2019.04.28"]
[Round "3"]
[White "Brobakken, Geir"]
[Black "Christiansen, Johan Sebastian"]
[Result "0-1"]
[WhiteElo "1724"]
[BlackElo "2571"]
[PlyCount "50"]
[EventDate "2019.04.27"]
[EventType "swiss"]
[EventRounds "5"]
[EventCountry "NOR"]
[SourceTitle "EXT 2024"]
[Source "ChessBase"]
[SourceDate "2023.10.10"]
[SourceVersion "1"]
[SourceVersionDate "2023.10.10"]
[SourceQuality "1"]

1. e4 c5 2. b3 g6 3. Bb2 Nf6 4. Nc3 Bg7 5. Nd5 0-0 6. Nxf6+ exf6 7. Ne2 Re8 8. d3 d5 9. exd5 Qxd5 10. Qd2 Nc6 11. 0-0-0 Bf5 12. Rg1 Nd4 13. Ng3 Bg4 14. f3 Be6 15. Be2 a5 16. Rge1 a4 17. Ne4 axb3 18. axb3 f5 19. Nc3 Qc6 20. Kb1 b5 21. Bf1 b4 22. Na2 Qa6 23. Nc1 Nb5 24. d4 Bxd4 25. Bxb5 Qa1+ 0-1

[Event "Ski Follosjakken Grand Prix 1"]
[Site "Ski"]
[Date "2018.03.24"]
[Round "3"]
[White "Kvisla, Johannes Luangtep"]
[Black "Brobakken, Geir"]
[Result "1-0"]
[WhiteElo "2230"]
[BlackElo "1750"]
[PlyCount "45"]
[EventDate "2018.03.24"]
[EventType "swiss (rapid)"]
[EventRounds "6"]
[EventCountry "NOR"]
[SourceTitle "EXT 2024"]
[Source "ChessBase"]
[SourceDate "2023.10.10"]
[SourceVersion "1"]
[SourceVersionDate "2023.10.10"]
[SourceQuality "1"]

1. d4 Nf6 2. c4 d6 3. Nf3 g6 4. Nc3 Bg7 5. e4 c6 6. Be2 0-0 7. 0-0 Nbd7 8. e5 dxe5 9. dxe5 Ne8 10. e6 fxe6 11. Ng5 Qb6 12. Nxe6 Rf7 13. Nxg7 Nxg7 14. Be3 Qc7 15. Ne4 Nf6 16. Ng5 Rf8 17. c5 Nd5 18. Bc4 e6 19. Ne4 Qe5 20. Qd4 Qh5 21. Ng3 e5 22. Bxd5+ Kh8 23. Qa4 1-0

[Event "Elverum Region-ch A"]
[Site "Elverum"]
[Date "2017.04.02"]
[Round "4"]
[White "Flores, Richard"]
[Black "Brobakken, Geir"]
[Result "0-1"]
[WhiteElo "1526"]
[BlackElo "1643"]
[PlyCount "112"]
[EventDate "2017.04.01"]
[EventType "swiss"]
[EventRounds "5"]
[EventCountry "NOR"]
[SourceTitle "EXT 2024"]
[Source "ChessBase"]
[SourceDate "2023.10.10"]
[SourceVersion "1"]
[SourceVersionDate "2023.10.10"]
[SourceQuality "1"]

1. e4 c6 2. d4 d5 3. Nc3 dxe4 4. Nxe4 Bf5 5. Ng3 Bg6 6. f4 e6 7. Nf3 Nd7 8. Bc4 Ngf6 9. 0-0 Be7 10. c3 0-0 11. Ne5 Nd5 12. Qe2 Nxe5 13. dxe5 Bc5+ 14. Kh1 Qe7 15. Bb3 a5 16. a4 Rad8 17. Qg4 Be3 18. Rf3 Bxc1 19. Rxc1 Qc5 20. Bxd5 Qxd5 21. Re1 Qd2 22. Re2 Qd1+ 23. Rf1 Qxa4 24. h4 h6 25. Ref2 Qc4 26. Qh3 Rd3 27. Qg4 a4 28. Qe2 Qd5 29. f5 Rxg3 30. fxg6 Rxg6 31. Qc2 Rg4 32. Rf4 Rxf4 33. Rxf4 Qxe5 34. Rxa4 Rd8 35. Kg1 g6 36. Re4 Qf5 37. Qe2 h5 38. Kh2 Rd5 39. g3 Qf6 40. c4 Rd4 41. Re5 Rd2 42. Qxd2 Qxe5 43. b3 c5 44. Qd8+ Kg7 45. Qb6 Qd4 46. Qxb7 e5 47. Kg2 e4 48. b4 cxb4 49. Qxb4 Qf6 50. c5 Qf3+ 51. Kh2 e3 52. Qc3+ Kh7 53. c6 Qf2+ 54. Kh3 Qg1 55. Qc2 Qh1+ 56. Qh2 Qxc6 0-1

[Event "Hamar CC-ch A"]
[Site "Hamar"]
[Date "2017.03.02"]
[Round "5"]
[White "Storli, Frode"]
[Black "Brobakken, Geir"]
[Result "1-0"]
[WhiteElo "1376"]
[BlackElo "1643"]
[PlyCount "41"]
[EventDate "2017.01.05"]
[EventType "swiss"]
[EventRounds "9"]
[EventCountry "NOR"]
[SourceTitle "EXT 2024"]
[Source "ChessBase"]
[SourceDate "2023.10.10"]
[SourceVersion "1"]
[SourceVersionDate "2023.10.10"]
[SourceQuality "1"]

1. e4 c6 2. d4 d5 3. e5 Bf5 4. g4 Bd7 5. Be3 e6 6. Nc3 Qb6 7. Nge2 c5 8. dxc5 Bxc5 9. Bxc5 Qxc5 10. Qd4 Qc7 11. 0-0-0 Nc6 12. Nb5 Qb8 13. Nd6+ Ke7 14. Qc5 Be8 15. Nd4 Kd7 16. Bb5 Nge7 17. Rd3 a6 18. Bxc6+ Nxc6 19. Nxc6 bxc6 20. Rb3 Qd8 21. Rb7+ 1-0

[Event "Hamar op A"]
[Site "Hamar"]
[Date "2016.09.01"]
[Round "1"]
[White "Brobakken, Geir"]
[Black "Opseth, Oliver"]
[Result "1-0"]
[WhiteElo "1697"]
[BlackElo "1454"]
[PlyCount "63"]
[EventDate "2016.09.01"]
[EventType "swiss"]
[EventRounds "7"]
[EventCountry "NOR"]
[SourceTitle "EXT 2024"]
[Source "ChessBase"]
[SourceDate "2023.10.10"]
[SourceVersion "1"]
[SourceVersionDate "2023.10.10"]
[SourceQuality "1"]

1. e4 e5 2. Nc3 Nc6 3. Bc4 Bc5 4. Qg4 Bf8 5. Qg3 Nf6 6. d3 d6 7. Nf3 h6 8. h3 Be6 9. Bxe6 fxe6 10. Nh4 Qd7 11. Ng6 Rg8 12. Be3 0-0-0 13. 0-0-0 d5 14. d4 exd4 15. Bxd4 Nxd4 16. Rxd4 Bd6 17. e5 Bc5 18. Rd3 Nh7 19. f4 Nf8 20. Nxf8 Rdxf8 21. h4 g5 22. hxg5 hxg5 23. fxg5 Qe7 24. g6 Qg7 25. Qh3 Qxg6 26. Rxd5 Be3+ 27. Kb1 Rf2 28. Rd3 Bf4 29. Rhd1 Bxe5 30. Qe3 Rf5 31. Qxa7 c5 32. Rd7 1-0

[Event "Hamar Ridabu School-ch A"]
[Site "Hamar"]
[Date "2016.04.21"]
[Round "8"]
[White "Brobakken, Geir"]
[Black "Bakken, Svein Arne"]
[Result "1-0"]
[WhiteElo "1760"]
[BlackElo "1356"]
[PlyCount "131"]
[EventDate "2016.01.07"]
[EventType "swiss"]
[EventRounds "9"]
[EventCountry "NOR"]
[SourceTitle "EXT 2024"]
[Source "ChessBase"]
[SourceDate "2023.10.10"]
[SourceVersion "1"]
[SourceVersionDate "2023.10.10"]
[SourceQuality "1"]

1. e4 c6 2. d4 d5 3. Nc3 dxe4 4. Nxe4 Bf5 5. Ng3 Bg6 6. h4 h6 7. Nf3 Nd7 8. h5 Bh7 9. Bd3 Bxd3 10. Qxd3 e6 11. Bd2 Ngf6 12. Ne4 Nxe4 13. Qxe4 Qb6 14. 0-0-0 Bd6 15. c4 Nf6 16. Qe2 Qa6 17. Kb1 0-0-0 18. Bc3 Nd5 19. Bd2 Rhe8 20. Rhe1 Nf6 21. Ne5 Re7 22. Qf3 Bxe5 23. dxe5 Nd7 24. Bb4 c5 25. Bc3 Qxc4 26. Re4 Qb5 27. Rc1 Nb6 28. Rg4 Nd5 29. Rxg7 Red7 30. a3 Nxc3+ 31. Qxc3 b6 32. Qc4 Qa5 33. Qe4 Kb8 34. Rh7 Qb5 35. Qc4 Qa5 36. Rxh6 Rd1 37. Rf6 Rxc1+ 38. Qxc1 Qa4 39. Ka2 Rd3 40. Rf3 Qb3+ 41. Kb1 Rxf3 42. gxf3 Qxf3 43. h6 Qh5 44. Qe3 Qd1+ 45. Ka2 Qh5 46. Qf4 Kc7 47. Qf6 Kd7 48. Qf4 Ke8 49. Qa4+ Kf8 50. Qxa7 Qxh6 51. Qxb6 Qc1 52. Qb5 c4 53. a4 Qc2 54. a5 c3 55. Qb3 Qxf2 56. Qxc3 Qe2 57. Ka3 Ke8 58. b4 Kd7 59. Qd4+ Kc6 60. Qc5+ Kb7 61. Qb6+ Kc8 62. Qd6 Qe3+ 63. Ka4 Qe2 64. a6 Qa2+ 65. Kb5 Qe2+ 66. Kb6 1-0

[Event "Hamar Ridabu School-ch A"]
[Site "Hamar"]
[Date "2016.04.07"]
[Round "7"]
[White "Jotun, Jan"]
[Black "Brobakken, Geir"]
[Result "0-1"]
[WhiteElo "1650"]
[BlackElo "1760"]
[PlyCount "192"]
[EventDate "2016.01.07"]
[EventType "swiss"]
[EventRounds "9"]
[EventCountry "NOR"]
[SourceTitle "EXT 2024"]
[Source "ChessBase"]
[SourceDate "2023.10.10"]
[SourceVersion "1"]
[SourceVersionDate "2023.10.10"]
[SourceQuality "1"]

1. d4 Nf6 2. Nf3 b6 3. g3 Bb7 4. Bg2 e6 5. 0-0 Be7 6. b3 0-0 7. Bb2 d6 8. Nbd2 Nbd7 9. Re1 Ne4 10. Nxe4 Bxe4 11. Nd2 Bxg2 12. Kxg2 d5 13. Nf3 Bf6 14. Qd2 c5 15. c3 Qc7 16. Rad1 Rfd8 17. Qc1 Rac8 18. Qa1 c4 19. bxc4 Qxc4 20. Nd2 Qc6 21. f4 Be7 22. Rc1 Nf6 23. a4 a6 24. h3 h5 25. Ba3 Rd7 26. Bxe7 Rxe7 27. Qa3 Rec7 28. Kh2 Qb7 29. Rf1 g6 30. Rf3 Rc6 31. Qb3 b5 32. Rb1 Rb6 33. a5 Rbc6 34. Rc1 Qc7 35. Qa3 Rb8 36. Rb1 Ne8 37. Qa1 Nd6 38. Rb3 Rc8 39. Rd3 h4 40. Nf3 hxg3+ 41. Kg2 Ne4 42. Ne5 Rxc3 43. Rbxc3 Nxc3 44. Qf1 Ne4 45. Rd1 Kg7 46. Nd3 Qxa5 47. Rc1 Rc4 48. Ra1 Qb6 49. Ne5 Rc2 50. Nf3 b4 51. Ne1 Rd2 52. Nf3 Rb2 53. h4 Qb5 54. Re1 b3 55. h5 Rc2 56. hxg6 fxg6 57. Ng5 b2 58. Qf3 b1Q 59. Nxe6+ Kg8 60. Qg4 Rxe2+ 61. Rxe2 Nc3 62. Re1 Qc2+ 63. Kxg3 Qbd3+ 64. Kh4 Qh2+ 65. Kg5 Qf5+ 66. Qxf5 gxf5 67. Kxf5 Qh5+ 68. Ng5 Ne4 69. Rc1 Nxg5 70. fxg5 Qe8 71. Kf6 Qf7+ 72. Ke5 Kg7 73. Rc5 Qe7+ 74. Kxd5 Qxg5+ 75. Kc6 Qd8 76. d5 a5 77. d6 Kf6 78. Kd5 a4 79. Rc4 a3 80. Rf4+ Kg5 81. Ra4 a2 82. Rxa2 Qg8+ 83. Kc6 Qxa2 84. d7 Qc4+ 85. Kd6 Qa6+ 86. Ke7 Qb7 87. Ke8 Qc6 88. Ke7 Qc7 89. Ke8 Qe5+ 90. Kf7 Qd6 91. Ke8 Qe6+ 92. Kd8 Kf6 93. Kc7 Qe7 94. Kc8 Qc5+ 95. Kd8 Ke6 96. Ke8 Qe7# 0-1

[Event "Hamar Ridabu School-ch A"]
[Site "Hamar"]
[Date "2016.03.17"]
[Round "6"]
[White "Nilsen, Thomas"]
[Black "Brobakken, Geir"]
[Result "1-0"]
[WhiteElo "1505"]
[BlackElo "1760"]
[PlyCount "69"]
[EventDate "2016.01.07"]
[EventType "swiss"]
[EventRounds "9"]
[EventCountry "NOR"]
[SourceTitle "EXT 2024"]
[Source "ChessBase"]
[SourceDate "2023.10.10"]
[SourceVersion "1"]
[SourceVersionDate "2023.10.10"]
[SourceQuality "1"]

1. d4 Nf6 2. c4 e5 3. dxe5 Ng4 4. Nf3 Nc6 5. e4 Bc5 6. Be3 Bxe3 7. fxe3 Nxe3 8. Qd2 Nxf1 9. Rxf1 0-0 10. Nc3 b6 11. Nd5 h6 12. Qf4 Ne7 13. Qg3 Ng6 14. h4 c6 15. Ne3 Ne7 16. Ng4 Kh7 17. Rd1 Ng8 18. Nd4 d5 19. Nxc6 Qc7 20. exd5 Bb7 21. Qd3+ Kh8 22. Nd4 h5 23. Ne3 Qxe5 24. Rf5 Qg3+ 25. Kd2 g6 26. Rf3 Qxh4 27. Qc3 Kh7 28. Rdf1 f6 29. Rf4 Qh2 30. Ne6 Rf7 31. Ng5+ Kg7 32. Nxf7 Kxf7 33. Rxf6+ Kg7 34. Rf7+ Kh6 35. Rxb7 1-0

[Event "Hamar op A"]
[Site "Hamar"]
[Date "2015.12.03"]
[Round "7"]
[White "Ormasen, Odd Steinar"]
[Black "Brobakken, Geir"]
[Result "1-0"]
[WhiteElo "1642"]
[BlackElo "1785"]
[PlyCount "59"]
[EventDate "2015.09.03"]
[EventType "swiss"]
[EventRounds "7"]
[EventCountry "NOR"]
[SourceTitle "EXT 2024"]
[Source "ChessBase"]
[SourceDate "2023.10.10"]
[SourceVersion "1"]
[SourceVersionDate "2023.10.10"]
[SourceQuality "1"]

1. d4 Nf6 2. Nf3 d5 3. c4 e6 4. Nc3 c6 5. cxd5 exd5 6. Qc2 Bd6 7. e3 0-0 8. Bd3 Nbd7 9. Bd2 a5 10. 0-0 Re8 11. Rfe1 Nf8 12. h3 Ne6 13. Rab1 g6 14. a3 Ng7 15. e4 dxe4 16. Nxe4 Nxe4 17. Bxe4 Rxe4 18. Qxe4 Bf5 19. Qe2 Bxb1 20. Rxb1 Bf8 21. Qc4 Ne6 22. Bc3 a4 23. b3 axb3 24. Rxb3 Rb8 25. Bd2 Bg7 26. Rd3 Qd7 27. d5 Rd8 28. dxe6 Qxd3 29. Qxd3 Rxd3 30. e7 1-0

[Event "Hamar op A"]
[Site "Hamar"]
[Date "2015.10.15"]
[Round "4"]
[White "Jotun, Jan"]
[Black "Brobakken, Geir"]
[Result "0-1"]
[WhiteElo "1627"]
[BlackElo "1785"]
[PlyCount "120"]
[EventDate "2015.09.03"]
[EventType "swiss"]
[EventRounds "7"]
[EventCountry "NOR"]
[SourceTitle "EXT 2024"]
[Source "ChessBase"]
[SourceDate "2023.10.10"]
[SourceVersion "1"]
[SourceVersionDate "2023.10.10"]
[SourceQuality "1"]

1. d4 Nf6 2. Nf3 d5 3. c4 e6 4. Nc3 c6 5. Qb3 Nbd7 6. e3 Be7 7. Bd2 0-0 8. Be2 Ne4 9. 0-0 f5 10. Be1 Bd6 11. g3 Kh8 12. a3 Qf6 13. Qc2 Qh6 14. Kg2 Ndf6 15. Ng1 dxc4 16. Nxe4 Nxe4 17. Qxc4 e5 18. f3 Be6 19. Qc2 Bd5 20. Bc4 Nf6 21. h3 Bxc4 22. Qxc4 Nd5 23. Bf2 Nxe3+ 24. Bxe3 Qxe3 25. Qe6 Rf6 26. Qd7 exd4 27. Rfe1 Qb3 28. Re8+ Rxe8 29. Qxe8+ Rf8 30. Qe2 Qd5 31. Rd1 c5 32. h4 h6 33. Qb5 a6 34. Qa5 Qc4 35. Qe1 Qb3 36. Nh3 Qxb2+ 37. Rd2 Qb3 38. Qc1 Re8 39. Rb2 Qxa3 40. Qb1 c4 41. Rf2 Qc5 42. Qxb7 d3 43. Qxa6 Qd5 44. Qa2 Qd4 45. Ng1 Bc5 46. Rf1 c3 47. Qf7 Rf8 48. Qb3 c2 49. Nh3 Qb4 50. Qxd3 Qb2 51. Nf4 c1Q+ 52. Kh3 Qxf1+ 53. Qxf1 Kh7 54. Qa6 Qf6 55. Qd3 Bd6 56. Nh5 Qg6 57. Qd4 Qxh5 58. Qxd6 Qf7 59. f4 Qf6 60. Qc5 Rd8 0-1

[Event "Politiken Cup 37th"]
[Site "Helsingor"]
[Date "2015.07.27"]
[Round "4"]
[White "Brobakken, Geir"]
[Black "Jacobsen, Per"]
[Result "1/2-1/2"]
[WhiteElo "1936"]
[BlackElo "1680"]
[PlyCount "80"]
[EventDate "2015.07.25"]
[EventType "swiss"]
[EventRounds "10"]
[EventCountry "DEN"]
[SourceTitle "CBM 167 Extra"]
[Source "ChessBase"]
[SourceDate "2015.09.14"]
[SourceVersion "1"]
[SourceVersionDate "2015.09.14"]
[SourceQuality "1"]

1. e4 Nf6 2. e5 Nd5 3. d4 d6 4. Nf3 Nb6 5. exd6 cxd6 6. c3 Nc6 7. Bg5 Bd7 8. Bd3 g6 9. 0-0 Bg7 10. Nbd2 0-0 11. a4 Nd5 12. Re1 Re8 13. Qb3 Nf6 14. h3 Rb8 15. c4 b6 16. d5 Na5 17. Qb4 Nb7 18. Ra2 Nc5 19. Bf1 a5 20. Qa3 Nxa4 21. b4 axb4 22. Qxb4 Nc5 23. Be3 Nfe4 24. Bd4 Nxd2 25. Rxd2 Bh6 26. Rb2 Bf5 27. Ra1 Bd3 28. Bxc5 dxc5 29. Qb5 Bf5 30. Re1 Bd7 31. Qb3 Bg7 32. Ra2 Qc7 33. Bd3 e6 34. dxe6 Rxe6 35. Rb1 Bc6 36. Nd2 Qb7 37. Bf1 Bd4 38. Nf3 Bxf3 39. Qxf3 Rf6 40. Qxb7 Rxb7 1/2-1/2

[Event "Hamar Ridabu School-ch"]
[Site "Hamar"]
[Date "2015.04.23"]
[Round "8"]
[White "Kristiansen, Ole Jakob"]
[Black "Brobakken, Geir"]
[Result "0-1"]
[WhiteElo "1790"]
[BlackElo "1699"]
[PlyCount "94"]
[EventDate "2015.01.08"]
[EventType "swiss"]
[EventRounds "9"]
[EventCountry "NOR"]
[SourceTitle "EXT 2024"]
[Source "ChessBase"]
[SourceDate "2023.10.10"]
[SourceVersion "1"]
[SourceVersionDate "2023.10.10"]
[SourceQuality "1"]

1. e4 c6 2. d4 d5 3. Nc3 dxe4 4. Nxe4 Bf5 5. Ng3 Bg6 6. h4 h6 7. Nh3 e6 8. Nf4 Bh7 9. Be3 Nf6 10. Bd3 Bxd3 11. Qxd3 Qc7 12. 0-0-0 Na6 13. a3 0-0-0 14. Ne4 Nc5 15. Nxc5 Bxc5 16. Qc4 Bd6 17. Nd3 Nd5 18. Bd2 Rhe8 19. g3 Nf6 20. Rhe1 Nd7 21. Qa4 Kb8 22. Ba5 b6 23. Bc3 Nf6 24. Ne5 Bxe5 25. Rxe5 Rd5 26. Bd2 Kb7 27. Re2 Qd7 28. c3 c5 29. Qxd7+ Nxd7 30. Be3 cxd4 31. Rxd4 Rxd4 32. Bxd4 Nf6 33. Be5 Kc6 34. f3 Re7 35. Rd2 Ne8 36. Bf4 e5 37. Re2 f6 38. g4 Nc7 39. Bd2 Rd7 40. Re3 Ne6 41. Kc2 Nf4 42. Re4 g5 43. Bxf4 gxf4 44. Re2 Rf7 45. Kd3 Kd5 46. c4+ Ke6 47. Ke4 Rd7 0-1

[Event "Hamar op A"]
[Site "Hamar"]
[Date "2014.10.30"]
[Round "6"]
[White "Ormasen, Odd Steinar"]
[Black "Brobakken, Geir"]
[Result "0-1"]
[WhiteElo "1699"]
[BlackElo "1704"]
[PlyCount "104"]
[EventDate "2014.09.04"]
[EventType "tourn"]
[EventRounds "9"]
[EventCountry "NOR"]
[SourceTitle "EXT 2024"]
[Source "ChessBase"]
[SourceDate "2023.10.10"]
[SourceVersion "1"]
[SourceVersionDate "2023.10.10"]
[SourceQuality "1"]

1. d4 Nf6 2. c4 e5 3. dxe5 Ng4 4. Nf3 Bc5 5. e3 Bb4+ 6. Bd2 Bxd2+ 7. Qxd2 Nc6 8. Nc3 Ngxe5 9. Nxe5 Nxe5 10. Be2 d6 11. 0-0 0-0 12. h3 b6 13. f4 Ng6 14. Bf3 Rb8 15. Nb5 a5 16. Nd4 Bd7 17. Nc6 Bxc6 18. Bxc6 Qf6 19. Rae1 Ne7 20. Ba4 Qf5 21. Bc2 Qc5 22. Qd3 f5 23. Kh2 b5 24. cxb5 Qxb5 25. Qxb5 Rxb5 26. Rf2 d5 27. Bd3 Rc5 28. Ree2 Rb8 29. Rc2 Rxc2 30. Rxc2 c6 31. g4 g6 32. Kg3 Kg7 33. gxf5 gxf5 34. Be2 Kf6 35. Bd3 Rb6 36. h4 Ng6 37. Rc5 a4 38. Ra5 Rxb2 39. Rxa4 Rd2 40. Bf1 Rc2 41. h5 Ne7 42. Ra6 Rc3 43. Kf2 Kf7 44. Be2 Ke6 45. a4 Nc8 46. Ra8 Nd6 47. a5 Ne4+ 48. Kf3 d4 49. Re8+ Kf7 50. Rxe4 fxe4+ 51. Kxe4 Rxe3+ 52. Kxd4 Rxe2 0-1

[Event "Hamar op A"]
[Site "Hamar"]
[Date "2014.10.16"]
[Round "5"]
[White "Brobakken, Geir"]
[Black "Hoel, Ole"]
[Result "0-1"]
[WhiteElo "1704"]
[BlackElo "1733"]
[PlyCount "96"]
[EventDate "2014.09.04"]
[EventType "tourn"]
[EventRounds "9"]
[EventCountry "NOR"]
[SourceTitle "EXT 2024"]
[Source "ChessBase"]
[SourceDate "2023.10.10"]
[SourceVersion "1"]
[SourceVersionDate "2023.10.10"]
[SourceQuality "1"]

1. e4 c5 2. Nc3 Nc6 3. Bc4 Nf6 4. d3 g6 5. f4 e6 6. e5 d5 7. Bb5 Nd7 8. Nf3 Bg7 9. 0-0 Qb6 10. Bxc6 Qxc6 11. a4 0-0 12. Ne2 b6 13. d4 Ba6 14. c3 Rac8 15. Re1 Qc7 16. Be3 Nb8 17. a5 Bb5 18. axb6 axb6 19. Qb3 Bd3 20. Qa3 Bh6 21. Ng5 Nc6 22. dxc5 Nxe5 23. cxb6 Qb7 24. Qa7 Qxa7 25. bxa7 Nc6 26. Nd4 Nxd4 27. Bxd4 Bb5 28. Ra5 Bc6 29. Rea1 Ba8 30. b4 Rfe8 31. Nh3 Bg7 32. b5 Rxc3 33. Bxg7 Kxg7 34. Rb1 d4 35. b6 Bb7 36. Nf2 d3 37. Rd1 Rd8 38. Rb1 d2 39. Nd1 Rc1 40. Raa1 Rdc8 41. Kf2 Rxb1 42. Rxb1 Rc1 43. Rb2 Rxd1 44. Ke2 Rg1 45. Rxd2 Rxg2+ 46. Ke3 Rxd2 47. Kxd2 Kf6 48. Ke3 e5 0-1

[Event "Hamar op A"]
[Site "Hamar"]
[Date "2014.09.25"]
[Round "3"]
[White "Brobakken, Geir"]
[Black "Kristiansen, Ole Jakob"]
[Result "0-1"]
[WhiteElo "1704"]
[BlackElo "1749"]
[PlyCount "100"]
[EventDate "2014.09.04"]
[EventType "tourn"]
[EventRounds "9"]
[EventCountry "NOR"]
[SourceTitle "EXT 2024"]
[Source "ChessBase"]
[SourceDate "2023.10.10"]
[SourceVersion "1"]
[SourceVersionDate "2023.10.10"]
[SourceQuality "1"]

1. e4 c5 2. b3 Nc6 3. Bb2 Nf6 4. Nc3 e6 5. Nf3 Be7 6. e5 Nd5 7. Ne4 0-0 8. Bb5 f5 9. exf6 Nxf6 10. Ng3 d6 11. 0-0 a6 12. Bxc6 bxc6 13. Qe2 e5 14. h3 Nd5 15. Qe4 Rb8 16. c4 Nf6 17. Qe2 Bd7 18. Rfe1 Qc7 19. Qd3 Rbe8 20. Nh2 Qb8 21. Ne4 Bf5 22. Nxf6+ Rxf6 23. Qe3 Rg6 24. Kh1 Bg5 25. Qf3 Rf8 26. Re2 Rh6 27. g4 Be6 28. Qg2 Bf4 29. f3 Qd8 30. d3 Qh4 31. Bc1 Qxh3 32. Bxf4 Qxg2+ 33. Kxg2 Rxf4 34. Re4 Rhf6 35. Rxf4 Rxf4 36. Re1 Rd4 37. Re3 Bf7 38. Kf2 Bg6 39. Ke2 Kf7 40. Nf1 Kf6 41. Ng3 d5 42. Kd2 h5 43. Ne2 hxg4 44. Nxd4 cxd4 45. Re1 gxf3 46. cxd5 cxd5 47. Rc1 e4 48. Rc6+ Kg5 49. dxe4 dxe4 50. Rd6 e3+ 0-1

[Event "Hamar op A"]
[Site "Hamar"]
[Date "2014.09.04"]
[Round "1"]
[White "Brobakken, Geir"]
[Black "Jotun, Jan"]
[Result "1-0"]
[WhiteElo "1704"]
[BlackElo "1654"]
[PlyCount "43"]
[EventDate "2014.09.04"]
[EventType "tourn"]
[EventRounds "9"]
[EventCountry "NOR"]
[SourceTitle "EXT 2024"]
[Source "ChessBase"]
[SourceDate "2023.10.10"]
[SourceVersion "1"]
[SourceVersionDate "2023.10.10"]
[SourceQuality "1"]

1. e4 g6 2. d4 Bg7 3. Be3 d6 4. c3 Nf6 5. Nd2 0-0 6. h3 b6 7. Ngf3 Bb7 8. Qc2 Nbd7 9. Be2 e5 10. 0-0 exd4 11. cxd4 d5 12. e5 Ne4 13. Nxe4 dxe4 14. Ng5 c5 15. dxc5 Nxc5 16. Bxc5 Qxg5 17. Bxf8 Rxf8 18. f4 Qe7 19. Rac1 Qh4 20. Qc7 Ba8 21. Rc3 h5 22. Kh2 1-0

[Event "Hamar CC-ch"]
[Site "Hamar"]
[Date "2014.04.03"]
[Round "7"]
[White "Wago, Anders"]
[Black "Brobakken, Geir"]
[Result "0-1"]
[WhiteElo "1614"]
[BlackElo "1692"]
[PlyCount "90"]
[EventDate "2014.01.09"]
[EventType "swiss"]
[EventRounds "9"]
[EventCountry "NOR"]
[SourceTitle "EXT 2024"]
[Source "ChessBase"]
[SourceDate "2023.10.10"]
[SourceVersion "1"]
[SourceVersionDate "2023.10.10"]
[SourceQuality "1"]

1. c4 e6 2. Nc3 d5 3. g3 c6 4. Bg2 Nf6 5. Nf3 g6 6. 0-0 Bg7 7. d4 0-0 8. Bf4 Nh5 9. Bg5 f6 10. Bd2 f5 11. Qb3 Nd7 12. cxd5 exd5 13. Nxd5 cxd5 14. Bb4 Nhf6 15. Bxf8 Kxf8 16. Rac1 Nb6 17. Rc2 Qd6 18. Ne5 Be6 19. Rfc1 Rb8 20. e3 Kg8 21. Qd3 Ne8 22. f4 Bf8 23. Bf1 Qd8 24. Qd2 Bd6 25. Nf3 Nf6 26. Bd3 Qe7 27. a3 Ne4 28. Qa5 Ra8 29. Nd2 Nxd2 30. Qxd2 Bd7 31. Kf2 Re8 32. Re1 Bc6 33. b4 a6 34. Rcc1 Nc4 35. Bxc4 dxc4 36. d5 Bb5 37. Qd4 Qd7 38. e4 Rxe4 39. Rxe4 fxe4 40. Qxe4 Qe7 41. Kf3 Qxe4+ 42. Kxe4 Kf7 43. Rc3 Be7 44. g4 Bf6 45. Rc1 Bb2 0-1

[Event "Hamar Region-ch A"]
[Site "Hamar"]
[Date "2014.03.30"]
[Round "4"]
[White "Brobakken, Geir"]
[Black "Mellem, Nicolas Axel"]
[Result "0-1"]
[WhiteElo "1693"]
[BlackElo "2111"]
[PlyCount "100"]
[EventDate "2014.03.29"]
[EventType "swiss"]
[EventRounds "5"]
[EventCountry "NOR"]
[SourceTitle "EXT 2024"]
[Source "ChessBase"]
[SourceDate "2023.10.10"]
[SourceVersion "1"]
[SourceVersionDate "2023.10.10"]
[SourceQuality "1"]

1. e4 c5 2. b3 Nf6 3. Nc3 Nc6 4. Bb2 e6 5. Nf3 Qc7 6. g3 a6 7. Bg2 b6 8. d3 Bb7 9. Qd2 d6 10. Nd1 Be7 11. c4 Rd8 12. Ne3 Qb8 13. 0-0 Qa8 14. Rae1 b5 15. Qc2 Rg8 16. a3 Rd7 17. h3 b4 18. a4 Kd8 19. e5 dxe5 20. Nxe5 Nxe5 21. Bxb7 Nf3+ 22. Bxf3 Qxf3 23. Qd1 Qc6 24. Qe2 Kc8 25. Rd1 Rgd8 26. Nc2 h5 27. d4 h4 28. g4 Ne4 29. d5 exd5 30. cxd5 Qg6 31. Ne3 Ng5 32. Kg2 Kb7 33. f3 Bd6 34. Nf5 f6 35. Qc4 Rc7 36. Bc1 Nf7 37. Qe4 Nh8 38. Nxd6+ Rxd6 39. Bf4 f5 40. Qd3 Rf7 41. Bxd6 Qxd6 42. f4 fxg4 43. f5 gxh3+ 44. Kxh3 Rf6 45. Rde1 Nf7 46. Re6 Ng5+ 47. Kxh4 Nxe6 48. fxe6 Rxe6 49. Qf5 Rf6 50. Qh3 Rh6+ 0-1